000 00631nam a2200217Ia 4500
003 OSt
005 20260120112717.0
008 210210b1947 xxu||||| |||| 00| 0 eng d
040 _cAL
041 _aKannada
082 _a858/223
100 _aSARASVATI (H Y)
_dಸರಸ್ವತಿ (ಎಚ್ ವೈ)
_9251824
245 _aParvati bayi atavale
_bಪಾರ್ವತಿಬಾಯಿ ಅಠವಳೆ
260 _aBengaLUru
_bSatyashodhana Prakatana Mandira
_c1947
650 _aPArvatI
_9251825
650 _abAyi
_9251826
650 _aaTavaLe
_9251827
690 _aBiography
_9251828
906 _a020765
942 _2ddc
_cBK
999 _c144919
_d144919